00000000nam 2200000za 4500
0019.697196
003CaOODSP
00520210624235355
007cr |||||||||||
008150407|2013||||xxc|||||o    f|0| 0 eng d
020 |a978-1-100-21679-9
040 |aCaOODSP|beng
043 |an-cn---
0861 |aV32-248/2013E-PDF
1101 |aCanada. |bVeterans Affairs Canada.
24510|aCanada remembers - the Battle of Kapyong |h[electronic resource]
260 |aCharlottetown - Prince Edward Island : |bVeterans Affairs Canada |c[2013].
300 |a2p.
590 |a13-30|b2013-07-26
69007|aMilitary history|2gcpds
77508|tLe Canada se souvient - la bataille de Kapyong |w(CaOODSP)9.641259
794 |tCanada remembers the battle of Kapyong |w(CaOODSP)9.853925
85640|ahttp://publications.gc.ca|qPDF|s313 KB|uhttps://publications.gc.ca/collections/collection_2013/aac-vac/V32-248-2013-eng.pdf